000 00513nam a22001217a 4500
008 230405b |||||||| |||| 00| 0 eng d
040 _aNational Science Library
_cNational Science Library
080 _a061.2(410)(058.7)
_bK2
245 _aDevelopment guide:
_bA directory of development facilities provided by non- commercial organisations in Britain
_c/ The Overseas Development Institutes
260 _bLondon:
_cThe Overseas Development Institutes ,
_d1964
653 _aDevelopment guide
942 _2udc
_cBK
999 _c18545
_d18545